000 01167cam a22003737a 4500
003 CHAP
005 20220817043140.0
008 971013s1986 it r 00010 spa d
010 _a66833
011 _a67805
035 _a77277
040 _cCHAP
082 _a639.2
_bF3y v.271
110 _aFAO
245 1 0 _aOccupational and geographical mobility in and out of Thai fisheries
260 _aRome :
_bFAO,
_c1986
300 _a77 p.
410 _aFAO
490 0 _aDocumento técnico de pesca
_v; 271
590 _aBATCH-UPD
_b10
_c20130109
_lUCH01
_h2338
590 _aBATCH-UPD
_b10
_c20130110
_lUCH01
_h1906
590 _aBATCH-UPD
_b10
_c20130410
_lUCH01
_h1234
590 _aBATCH-UPD
_b10
_c20130914
_lUCH01
_h1213
590 _aCONVERSION
_b10
_c20130109
_lUCH01
_h1337
650 1 4 _aMigración interna
_xTailandia.
_975607
650 1 4 _aPescadores
_xTailandia.
_987484
700 0 _aPanayotou, Donna.
_985059
700 0 _aPanayotou, Theodore.
_985060
810 0 _aFAO
830 0 0 _aDocumento técnico de pesca
_v; 271
_933242
901 _aBK
942 _cLIBRO
949 _a639.2 F3y v.271
_bBC
_cFAO
_d33724002235793
_eFAO1
_gDonaciØn
_h72563
_i77277
_si
999 _c66833
_d66833